00651nam a22002177a 450000500170000000800410001702000150005804000070007304100120008008200210009210000190011324500290013226000310016130000310019265000230022365000340024665000410028065000460032165000450036770000210041220220406114828.0220406b ||||| |||| 00| 0 eng d a0712614648 cAL aEnglish 223a951.05bCHAC aGordon G Chang aComing Collapse of China aLondonbRandom Housec2001 axxii,346 p.bPBc23x15 cm. a Political Science aPublic Policy Economic Policy aChina -- Economic conditions -- 2000 a China -- Politics and government -- 1976 aChina -- Social conditions -- 1976 China aCHANG (Gordon G)